000
00218 a2200097 4500
001
5912
100
_a
Hornung,JL
245
_a
Radio operating Questions and answers
260
_a
_b
McGraw hill
_c
090
_c
4827
_d
4827
942
_a
NUST-CAE
_c
M
_c
31186
999
_c
240985
_d
240985